00491nam a2200169 i 4500001000300000100003200003245008700035260003800122300002100160040000800181041000800189080001000197942000700207008004100214999001700255952004900272bg1 aGrebenščikov, Sergej K. 0aSpravocnik po zascite rastenij dlja sadovodov i ogorodnikov /cS. K. Grebenscikov. aMoskva :bRossel'choizdat,c1987. a207 s. ;c20 cm. cBPK apol a632.9 cKS s pl f |000 0 pol  c23702d23702 00104070aBPKbBPKcwo33899p01598612yKS